Éranse unas criaturas del monte / (Registro nro. 7206)

Detalles MARC
000 -LIDER
fixed length control field 00918nam a2200289 a 4500
001 - NÚMERO DE CONTROL
Identificador de número de control 000010440
003 - IDENTIFICACDOR DE NÚMERO DE CONTROL
control field DO-SdBNP
005 - DATE AND TIME OF LATEST TRANSACTION
control field 20220308090558.0
007 - CAMPOS FIJOS DE DESCRIPCIÓN FÍSICA
fixed length control field 000010440
008 - ELEMENTOS DE LONGITUD FIJA
fixed length control field 091007s2005 dr a 001 0 spa d
020 ## - ISBN
International Standard Book Number 999344930X
040 ## - FUENTE DE CATALOGACIÓN
Agencia que crea de manera original el registro BPMSU
Idioma de catalogación spa
Agencia que realiza la transcripción BPMSU
082 ## - NÚMERO DE CLASIFICACIÓN DECIMAL DE DEWEY
Classification number RD863.44
Item number M778e 2005
Edition number 22
100 1# - ASIENTO PRINCIPAL -- NOMBRE PERSONAL
Nombre personal Montero, Jenny
245 10 - MENCIÓN DE TITULO
Título Éranse unas criaturas del monte /
Mención de responsabilidad Jenny Montero.
260 ## - PUBLICACIÓN, DISTRIBUCIÓN, ETC. (PIE DE IMPRENTA)
Lugar de publicación, distribución, etc Santo Domingo, :
Nombre del editor, distribuidor, etc. Nacional,
Fecha de publicación, distribución, etc 2005.
300 ## - DESCRIPCIÓN FÍSICA
Extensión 205 p. :
Otros detalles físicos il ;
Dimensiones 23 cm.
490 0# - MENCIÓN DE SERIES
Mención de serie Premios nacionales
500 ## - NOTA GENERAL
Nota general Incluye datos biográficos de la autora en la solapa de la cubierta
586 ## - AWARDS NOTE
Awards note Premio anual de literatura infantil aurora Tavárez Belliard 2005
590 ## - NOTA LOCAL
Enlace Inventariado, 2022/VM
650 ## - ENCABEZAMIENTO DE MATERIA--TEMÁTICO
Término temático o nombre geográfico como elemento de entrada Cuentos dominicanos
650 #4 - ENCABEZAMIENTO DE MATERIA--TEMÁTICO
Término temático o nombre geográfico como elemento de entrada Poesía dominicana
650 ## - ENCABEZAMIENTO DE MATERIA--TEMÁTICO
Término temático o nombre geográfico como elemento de entrada Literatura dominicana
910 ## - VALIDACIÓN
Validación VMateo V. /Validado. Control de calidad MFF
942 ## - ADDED ENTRY ELEMENTS (KOHA)
Source of classification or shelving scheme Dewey Decimal Classification
Koha item type Libros
Existencias
Withdrawn status Lost status Source of classification or shelving scheme Damaged status Not for loan Collection code Home library Current library Date acquired Total Checkouts Full call number Barcode Date last seen Price effective from Koha item type Copy number
    Dewey Decimal Classification     Colección Dominicana Biblioteca Pública Metropolitana Salomé Ureña Biblioteca Pública Metropolitana Salomé Ureña 01/19/2015   RD863.44 M778e BPMSU15040692 01/19/2015 01/19/2015 Libros  
    Dewey Decimal Classification     Colección Dominicana Biblioteca Pública Metropolitana Salomé Ureña Biblioteca Pública Metropolitana Salomé Ureña 01/19/2015   RD863.44 M778e BPMSU15040693 01/19/2015 01/19/2015 Libros e. 2
    Dewey Decimal Classification     Colección Dominicana Biblioteca Pública Metropolitana Salomé Ureña Biblioteca Pública Metropolitana Salomé Ureña 01/19/2015   RD863.44 M778e BPMSU15040694 01/19/2015 01/19/2015 Libros e. 3